| 000 | 00821nmc a2200277 a 4500 | ||
|---|---|---|---|
| 003 | AR-Y00000XR | ||
| 005 | 20251128211935.0 | ||
| 008 | 117020s2005 ||||||||||||||000 | spa|| | ||
| 020 | _a84-9784-104-2 | ||
| 040 | _cAR-Y00000XR | ||
| 100 | 1 | _aBernfeld, Siegfried | |
| 245 | 1 | 0 |
_aLa ética del chocolate _baplicaciones del psicoanálisis en educación social |
| 250 | _a1ª ed. | ||
| 260 |
_aBarcelona _bEditorial Gedisa _c2005 |
||
| 300 | 0 | _a169 p. | |
| 490 | 0 |
_aBiblioteca de educación. Pedagogía social y trabajo social _v7 |
|
| 610 | 2 | 4 | _aComunidad infantil de Baumgarten |
| 650 | 4 | _aHISTORIA DE LA EDUCACION | |
| 650 | 4 | _aPSICOANALISIS | |
| 651 | 4 | _aViena | |
| 653 | 0 | _aPEDAGOGIA SOCIAL | |
| 653 | 0 | _aEXPERIENCIAS EDUCATIVAS | |
| 800 | 1 | _aNúñez, Violeta | |
| 942 | _cBK | ||
| 998 | _cme-solo cat | ||
| 999 |
_c21712 _d21712 |
||